000 00568nam a2200217Ia 4500
003 OSt
005 20220918231059.0
006 a|||||r|||| 00| 0
007 ta
008 220917b |||||||| |||| 00| 0 eng d
024 _a262,982
037 _cTextual
040 _aARTS
_cARTS
_beng
041 _2eng
_aeng
082 _aV46, L3
245 0 _aAbstracts of papers delivered at the seventh annual meeting of the middle East studies association
260 _c1973
300 _a52p.
_ccm.
942 _hV46, L3
_cTEXL
_2CC
999 _c289795
_d289795